<?xml version="1.0" encoding="UTF-8"?>
<record
    xmlns:xsi="http://www.w3.org/2001/XMLSchema-instance"
    xsi:schemaLocation="http://www.loc.gov/MARC21/slim http://www.loc.gov/standards/marcxml/schema/MARC21slim.xsd"
    xmlns="http://www.loc.gov/MARC21/slim">

  <leader>00729    a22002175i 4500</leader>
  <datafield tag="999" ind1=" " ind2=" ">
    <subfield code="c">7785</subfield>
    <subfield code="d">7785</subfield>
  </datafield>
  <controlfield tag="001">991061035533606706</controlfield>
  <controlfield tag="003">OSt</controlfield>
  <controlfield tag="005">20231010122800.0</controlfield>
  <controlfield tag="008">AAMMDD-----    ---|||||-|||||-|| -----|c</controlfield>
  <datafield tag="020" ind1=" " ind2=" ">
    <subfield code="a">9788412362381</subfield>
  </datafield>
  <datafield tag="040" ind1=" " ind2=" ">
    <subfield code="a">CDMR</subfield>
    <subfield code="b">cat</subfield>
    <subfield code="c">CDMR</subfield>
  </datafield>
  <datafield tag="100" ind1=" " ind2=" ">
    <subfield code="9">4888</subfield>
    <subfield code="a">Hameida, Ebbaba</subfield>
  </datafield>
  <datafield tag="245" ind1=" " ind2=" ">
    <subfield code="a">Historias contadas al o&#xED;do </subfield>
    <subfield code="c">/ conversaci&#xF3;n entre Ebbaba Hameida y Nicol&#xE1;s Castellano ; ilustraciones de Cinta Fosch </subfield>
  </datafield>
  <datafield tag="260" ind1=" " ind2=" ">
    <subfield code="a">Barcelona :</subfield>
    <subfield code="b">Revista 5W ,</subfield>
    <subfield code="c">2023</subfield>
  </datafield>
  <datafield tag="300" ind1=" " ind2=" ">
    <subfield code="a">141 p. </subfield>
    <subfield code="c">; 16 cm</subfield>
  </datafield>
  <datafield tag="490" ind1=" " ind2=" ">
    <subfield code="a">Voces 5W </subfield>
    <subfield code="v">; 8</subfield>
  </datafield>
  <datafield tag="650" ind1=" " ind2="0">
    <subfield code="9">3678</subfield>
    <subfield code="a">Corresponsals de guerra</subfield>
    <subfield code="v">Relats personals</subfield>
  </datafield>
  <datafield tag="650" ind1=" " ind2="0">
    <subfield code="9">4890</subfield>
    <subfield code="a">Migraci&#xF3; for&#xE7;osa</subfield>
    <subfield code="x">Cobertura period&#xED;stica</subfield>
  </datafield>
  <datafield tag="700" ind1=" " ind2=" ">
    <subfield code="9">4889</subfield>
    <subfield code="a">Castellano, Nicol&#xE1;s</subfield>
  </datafield>
  <datafield tag="942" ind1=" " ind2=" ">
    <subfield code="2">udc</subfield>
    <subfield code="c">MON</subfield>
  </datafield>
  <datafield tag="952" ind1=" " ind2=" ">
    <subfield code="0">0</subfield>
    <subfield code="1">0</subfield>
    <subfield code="4">0</subfield>
    <subfield code="7">0</subfield>
    <subfield code="a">CDMR</subfield>
    <subfield code="b">CDMR</subfield>
    <subfield code="d">2023-10-09</subfield>
    <subfield code="e">Donaci&#xF3;</subfield>
    <subfield code="g">14.00</subfield>
    <subfield code="l">2</subfield>
    <subfield code="m">1</subfield>
    <subfield code="o">Ci 7/41</subfield>
    <subfield code="p">CDMR23100004</subfield>
    <subfield code="r">2024-02-27</subfield>
    <subfield code="s">2024-01-25</subfield>
    <subfield code="w">2023-10-09</subfield>
    <subfield code="y">MON</subfield>
  </datafield>
</record>
